000 00638nam a22002177a 4500
003 UA-OsUOA
001 95337
007 ta
008 20130227b un ||||| |||| 00| 0 ukr d
100 _aРоманюк Т.
090 _a330(477)
_bР69
942 _cSA
040 _aUA-OsUOA
_bukr
_cUA-OsUOA
_dUA-OsUOA
245 _aІноземне інвестування в банківському секторі України: стан та перспективи розвитку
300 _aС.110-122
955 _a0
041 _aukr
080 _a330(477)
773 0 _w95324
650 7 _a330 Економіка взагалі
_2UDC
999 _c381589
_d381589